Quiz sur l'Union Soviétique (URSS) - Statistiques

Statistiques générales
  • Ce quiz a été pris 19 112 fois
    17 799 depuis la dernière actualisation
  • Le résultat moyen est 18 sur 25
Statistiques - réponses
Question Réponse % Correct
Dirigeant de l'URSS de 1924 à 1953 Joseph Staline
95%
Premier dirigeant Vladimir Ilitch Lénine
94%
Objets apparaissant sur le drapeau officiel Marteau
92%
Autre nom de l'armée soviétique Armée {Rouge}
88%
Pays envahis en 1939 Pologne
87%
Année de dissolution de l'URSS 1991
85%
Objets apparaissant sur le drapeau officiel Faucille
81%
Année de fondation de l'URSS 1922
80%
Île depuis laquelle l'URSS pointa des missiles vers les États-Unis,créant ainsi une crise paroxystique de la guerre froide Cuba
79%
Site de la plus grande catastrophe nucléaire du XXe siècle, en 1986 Tchernobyl
79%
Principal service de renseignements à partir de 1954 KGB
78%
Parti politique unique Parti Communiste
76%
Organisme gérant les camps de travail forcé Goulag
75%
Objets apparaissant sur le drapeau officiel Étoile rouge
74%
Dernier dirigeant de l'URSS Mikhaïl Gorbatchev
74%
Satellite lancé en 1957 Spoutnik 1
73%
Alliance militaire regroupant les pays d'Europe de l'Est avec l'URSS Pacte de {Varsovie}
72%
Version soviétique d'astronaute Cosmonaute
69%
Premier homme dans l'espace en 1961 Youri Gagarine
68%
Pays envahi en 1979 Afghanistan
57%
Pays moderne dans lequel il naquit Géorgie
55%
Pays envahis en 1939 Finlande
52%
Plus puissante bombe jamais développée par l'être humain Tsar Bomba
47%
Système agricole des "fermes collectives" Kolkhoze
43%
Planification économique fixant les objectifs de production Plans {Quinquennaux}
33%
Aucun quiz correspondant
Distribution des résultats
% des personnes avec chaque résultat
Percentile par nombre de réponses
Votre historique - résultats
Vous n’avez pas pris ce quiz depuis la dernière actualisation